00182nam a2200061Ia 4500245002800000100005100028008004100079 0aThe end of the rainbow  a ANDREWS, Virginia Bath, 2001 LARGE PRINT 210825s9999 xx 000 0 und d